Követelések ráeszmélés és ráerőszakolás alapján

Elmentve itt :
Bibliográfiai részletek
Szerző: Rakovszky Menyhért
Dokumentumtípus: Cikk
Megjelent: 1931
Sorozat:Polgári jog : a hazai és külföldi magánjog és hiteljog szemléje 7
Kulcsszavak:Hiteljog magyar követelések
Online Access:http://misc.bibl.u-szeged.hu/14972
LEADER 00647nab a2200169 i 4500
001 misc14972
005 20191106142550.0
008 170607s1931 hu o 0|| hun d
040 |a SZTE Miscellanea Repozitórium  |b hun 
041 |a hun 
100 1 |a Rakovszky Menyhért 
245 1 0 |a Követelések ráeszmélés és ráerőszakolás alapján  |h [elektronikus dokumentum] /  |c  Rakovszky Menyhért 
260 |c 1931 
300 |a 1-19e 
490 0 |a Polgári jog : a hazai és külföldi magánjog és hiteljog szemléje  |v 7 
695 |a Hiteljog magyar követelések 
856 4 0 |u http://misc.bibl.u-szeged.hu/14972/1/polgari_jog_1931_001-019e.pdf  |z Dokumentum-elérés